Joy An

N/A


Categories

Fine Arts - Painting47001304582.0901
Literature - World and Miscellaneous46001202169.2013
Fine Arts - Music46001204175.0011
Literature - American36001053096.6701
Literature - British44001001669.6322
Literature - European3300755366.1700
RMP - Philosophy3300752867.8302
Science - Physics0600605989.0011
Science - Chemistry0600606490.8300
RMP - World Mythology13004564102.7500
RMP - Greco-Roman Mythology2100401760.0000
History - American1200352063.3300
Other - Other Academic and General Knowledge0300306278.3301
History - Cross, Historiography, and Miscellaneous03003094105.3300
Fine Arts - Miscellaneous03003093120.0000
History - World0200208284.5000
Social Science - Psychology0200206065.5000
Science - Engineering and Miscellaneous0200206588.0000
Science - Biology02002082100.5000
Social Science - Sociology1000154949.0001
Fine Arts - Architecture1000153939.0011
Fine Arts - Ballet/Dance1000154747.0001
Fine Arts - Jazz1000156666.0001
Fine Arts - Opera1000154444.0001
RMP - East Asian Religion1000154848.0001
Science - Math1000157272.0000
RMP - Islam010010124124.0000
Fine Arts - Photography0100107676.0000
Current Events - World010010139139.0000
RMP - Jewish Practice0100106666.0000
RMP - Christian Practice010010128128.0000
History - European010010118118.0000
Geography - Europe010010137137.0000
Science - Computer Science010010118118.0000
Fine Arts - Sculpture0100108787.0000
Current Events - U.S.010010118118.0000
RMP - Hinduism000000.0000
Social Science - Linguistics000000.0000
Social Science - Economics000000.0000

Buzzes

Literature - BritishErnest2016
RMP - Greco-Roman MythologyKing Midas2017
History - Americanincandescent lightbulb2020
Literature - World and MiscellaneousIsabel Allende2021
RMP - PhilosophyBertrand Russell2028
Literature - AmericanGeorge2030
Literature - World and MiscellaneousDerek Walcott2033
RMP - PhilosophyIndia2038
Fine Arts - Architectureroofs2039
Literature - BritishSir Arthur Conan Doyle2040